Problemas de Química: Adaptados al curso de Principios de Química / Ian S. Butler, Arthur E. Grosser. (Registro nro. 20636)
[ vista simple ]
| 000 -LÍDER | |
|---|---|
| fixed length control field | 00489nam a2200157 4500 |
| 008 - ELEMENTOS DE LONGITUD FIJA -- INFORMACIÓN GENERAL | |
| fixed length control field | 0 1995 0a 000 0ESP |
| 020 ## - NÚMERO INTERNACIONAL NORMALIZADO PARA LIBROS | |
| ISBN | 84-291-7084-7 |
| 050 ## - SIGNATURA TOPOGRAFICA DE LA BIBLIOTECA DEL CONGRESO (LC) | |
| Número de Clasificación | QD42 B985 |
| 082 ## - NUMERO DE CLASIFICACION DECIMAL DEWEY | |
| Número de Clasificación | 540.076 B293P |
| 100 ## - ASIENTO PRINCIPAL--NOMBRE PERSONAL | |
| Nombre personal | Butler, Ian S. |
| 245 ## - TÍTULO | |
| Título | Problemas de Química: Adaptados al curso de Principios de Química / Ian S. Butler, Arthur E. Grosser. |
| 260 ## - PUBLICACIÓN, DISTRIBUCIÓN, ETC. (PIE DE IMPRENTA) | |
| Lugar de publicación, distribución, etc. | España : Reverté |
| 300 ## - DESCRIPCIÓN FÍSICA | |
| Extensión | v, 463p. / 24cm. |
| 650 ## - ASIENTO SECUNDARIO DE MATERIA - TERMINO TEMÁTICO | |
| Término temático o nombre geográfico como elemento de entrada | 1.QUIMICA |
| 700 ## - ASIENTO SECUNDARIO - NOMBRE PERSONAL | |
| Nombre personal | I. Grosser Arthur E. coaut. |
| No. biblioteca | No. biblioteca | Número de clasificación | Código de barras/Número de adquisición | Número de copia | Tipo de material |
|---|---|---|---|---|---|
| LUIS G. INCLAN | LUIS G. INCLAN | 540.076 B293P | 25783 | 4 | Libros |
| LUIS G. INCLAN | LUIS G. INCLAN | 540.076 B293P | 25784 | 5 | Libros |
